000 00753nam a2200205Ii 4500
003 JO-AjNU
008 230605s9999||||xx |||||||||||||| ||und||
020 _a977-5383-74-9 / 9957-09-204-9
040 _aJO-AjNU
_bara
_erda
_cJO-AjNU
041 _aara
050 1 4 _aPJ7842.H41.M85 2005
100 3 _aتأليف الخراط،إدوارد,
_eauthor
_924101
245 0 0 _aمجالدة المستحيل: مقاطع من سيرة ذاتية للكاتبة
264 3 1 _aالقاهرة:دار البستاني،2005 ؛ عمان:دار أزمنة،2005
300 _a247ص
336 _atext
_btxt
_2rdacontent
337 _aunmediated
_bn
_2rdamedia
338 _avolume
_bnc
_2rdacarrier
650 4 _aالأدب العربي - تفسير ونقد
_924102
999 _aA8822
_c12390
_d12390